000 00650nam a2200253Ia 4500
005 20260121160118.0
008 008 260114s9999 xx 000 0 eng d
020 _a9781315614144
037 _aEBOOK
040 _aCRL
040 _beng
040 _cCRL
041 _2eng
041 _aeng
084 _qCRL
100 _a Peter Mackridge; David Ricks
_91027846
245 4 _aThe British Council and Anglo-Greek Literary Interactions, 1945-1955
260 _bTaylor and Francis
260 _c2018
856 _uhttp://www.taylorfrancis.com/books/9781315614144
942 _cEBOOK
999 _c1594665
_d1594665